000 00657nam a2200181 i 4500
001 37307
003 ES-MaACL
005 20230906155537.0
007 t|
008 030220q1942 sp ||||1| spa d
100 1 _aBuergel, Bruno H.
_932416
245 1 4 _aLos mundos lejanos, el universo como conjunto maravilloso /
_cBruno H. Buergel ; versión española por Manuel Alvarez Castrillón y Julio Gadea.
260 _aBarcelona :
_bLabor,
_c[1942?] (
_fTall. Graf. Ibero-Americanos)
300 _aVIII, 605 p., 48 lám. ;
_c22 cm.
700 1 _aAlvarez Castrillón, Manuel.
_920730
700 1 _aGadea, Julio.
_953189
852 _aES-MaACL
_jF-16156
_bR.20822
999 _c37307
_d37307